Economic and social survey of Asia and the pacific, 2012 : (Record no. 4223)
[ view plain ]
| 000 -LEADER | |
|---|---|
| fixed length control field | 01009cam a2200253 4500 |
| 001 - CONTROL NUMBER | |
| control field | 5053 |
| 005 - DATE AND TIME OF LATEST TRANSACTION | |
| control field | 20181127174700.0 |
| 008 - FIXED-LENGTH DATA ELEMENTS--GENERAL INFORMATION | |
| fixed length control field | 120925s2012 ii ab bs 000 0 eng |
| 010 ## - LIBRARY OF CONGRESS CONTROL NUMBER | |
| LC control number | 2012339753 |
| 020 ## - INTERNATIONAL STANDARD BOOK NUMBER | |
| International Standard Book Number | 8171889697 |
| International Standard Book Number | 9788171889693 |
| 043 ## - GEOGRAPHIC AREA CODE | |
| Geographic area code | p------ |
| 245 00 - TITLE STATEMENT | |
| Title | Economic and social survey of Asia and the pacific, 2012 : |
| Remainder of title | pursuing shared prosperity : in an era of turbulence & high commodity prices. |
| 246 30 - VARYING FORM OF TITLE | |
| Title proper/short title | Pursuing shared prosperity : in an era of turbulence & high commodity prices |
| 264 #1 - PRODUCTION, PUBLICATION, DISTRIBUTION, MANUFACTURE, AND COPYRIGHT NOTICE | |
| Place of production, publication, distribution, manufacture | New Delhi : |
| Name of producer, publisher, distributor, manufacturer | Published for and on behalf of the United Nations by Academic Foundation, |
| Date of production, publication, distribution, manufacture, or copyright notice | 2012. |
| 300 ## - PHYSICAL DESCRIPTION | |
| Extent | xxx, 202 pages : |
| Other physical details | illustrations, maps ; |
| Dimensions | 27 cm |
| 336 ## - CONTENT TYPE | |
| Content type term | text |
| Source | rdacontent |
| 337 ## - MEDIA TYPE | |
| Media type term | unmediated |
| Source | rdamedia |
| 338 ## - CARRIER TYPE | |
| Carrier type term | volume |
| Source | rdacarrier |
| 650 #0 - SUBJECT ADDED ENTRY--TOPICAL TERM | |
| Topical term or geographic name entry element | Fiscal policy |
| Geographic subdivision | Pacific Area. |
| Topical term or geographic name entry element | Monetary policy |
| Geographic subdivision | Pacific Area. |
| 710 2# - ADDED ENTRY--CORPORATE NAME | |
| Corporate name or jurisdiction name as entry element | United Nations. |
| Subordinate unit | Economic and Social Commission for Asia and the Pacific. |
| Withdrawn status | Lost status | Source of classification or shelving scheme | Damaged status | Not for loan | Collection code | Home library | Current library | Shelving location | Date acquired | Serial Enumeration / chronology | Inventory number | Total Checkouts | Full call number | Barcode | Date last seen | Date last checked out | Price effective from | Koha item type |
|---|---|---|---|---|---|---|---|---|---|---|---|---|---|---|---|---|---|---|
| Dewey Decimal Classification | Main TEST | RTC Library | RTC Library | Main opac | 06/09/2022 | 8266 | 1 | 338.95498 ECO | 30009511 | 07/09/2022 | 06/09/2022 | 27/11/2018 | Main |